Citations de film - Statistiques

Statistiques générales
  • Ce quiz a été pris 676 fois
  • Le résultat moyen est 6 sur 21
Statistiques - réponses
Citation Film % Correct
La vie c’est comme une boîte de chocolats, on ne sait jamais sur quoi on va tomber Forrest Gump
80%
Votre prénom à vous c'est François c'est juste, bah lui c'est pareil c'est Juste Le Dîner de cons
71%
Je ne crois pas qu'il y ait de bonne ou de mauvaise situation Astérix et Obélix : mission Cléopâtre
67%
C'est le Nooooord Bienvenue chez les Ch'tis
63%
C'est pas ma guerre Rambo
47%
Le monde se divise en 2 catégories, il y a ceux qui ont un pistolet chargé et ceux qui creusent Le Bon, la Brute et le Truand
45%
C'est l'or, il est l'or, l'or de se réveiller. La Folie des grandeurs
44%
Je suis ton père Star Wars: L'Empire contre-attaque
42%
Touche pas au Grisbi, salope! Les tontons flingueurs
22%
De toutes les choses que nous percevons seul l’amour transcende les dimensions temporelles et spatiales Interstellar
16%
Qu'est qui a de pire pour vous? Vivre en monstre ou mourir en homme de bien Shutter Island
14%
Les choses que l’on possède finissent par nous posséder Fight Club
13%
On apprends à accepter la vie comme elle vient pour que chaque jour compte Titanic
10%
Si j'connaissais le con qui a fait sauter l'pont Mais où est donc passée la septième compagnie ?
5%
Presque parfaite en tout point Mary Poppins
5%
Soldat! Au nom de la démocratie. Unissons nous tous Le Dictateur
3%
L’amour est un chant éternel. Il fait tourner le monde. Bambi
2%
Venez Madame Thornhill La Mort aux trousses
2%
La plaisir des grands lectures Neuilly sa mère
2%
Ca fait combien de temps qu'on est sur ce rocher 5 semaines, 2 jours The Lighthouse
1%
Prends soin de toi: tu es une grande star de la chanson maintenant. Chantons sous la pluie
0%
Aucun quiz correspondant
Distribution des résultats
% des personnes avec chaque résultat
Percentile par nombre de réponses
Votre historique - résultats
Vous n’avez pas pris ce quiz